Taylor Swift - seven Lyrics - Statistics

General Stats
  • This quiz has been taken 226 times
  • The average score is 194 of 218
Answer Stats
Answer % Correct
I
100%
in
100%
me
100%
the
100%
The
100%
a
99%
to
99%
And
97%
and
97%
my
97%
With
97%
with
97%
you
97%
your
97%
Your
97%
be
96%
picture
96%
Please
96%
seven
96%
Then
96%
we
96%
at
95%
is
95%
love
95%
Love
95%
trees
95%
why
95%
like
94%
tell
94%
won't
94%
won’t
94%
Moon
93%
that
93%
always
92%
can
92%
dad
92%
house
92%
should
92%
so
92%
think
92%
haunted
91%
Saturn
91%
for
90%
have
90%
mad
90%
come
89%
folk
89%
hit
89%
no
89%
song
89%
cry
88%
heart
88%
must
88%
Our
88%
peak
88%
Cross
87%
got
87%
I've
87%
pirates
87%
still
87%
been
86%
live
86%
long
86%
other
86%
was
86%
summer
85%
will
85%
can’t
84%
can't
84%
Sweet
84%
closet
83%
just
83%
meaning
83%
on
83%
under
83%
face
82%
hide
82%
songs
82%
tea
82%
sky
81%
too
81%
Passed
80%
passed
80%
there
78%
used
78%
We'll
78%
Are
77%
India
76%
Pennsylvania
76%
scared
76%
though
76%
But
75%
forever
75%
high
75%
jump
75%
lasts
75%
move
75%
pattern
75%
recall
75%
scream
75%
Before
74%
down
74%
Or
74%
things?
74%
beautiful
71%
over
71%
civility
68%
learned
68%
braids
67%
wanted
67%
Any
64%
Feet
64%
swing
64%
sweater
63%
weeds
63%
time
62%
Pack
59%
dolls
57%
creek
52%
ferociously
52%
No matching quizzes found
Score Distribution
Percent of People with Each Score
Percentile by Number Answered
Your Score History
You have not taken this quiz